|
|
|
|
| LEADER |
00000nam a2200000 4500 |
| 001 |
vtls012252923 |
| 003 |
SK-MaSNL |
| 005 |
20260301080441.0 |
| 008 |
251112s1815 xo ae f 010 0 ger |
| 015 |
|
|
|a SNBHFA
|
| 040 |
|
|
|a SNKHF
|b slo
|c SNK
|e rda
|
| 041 |
0 |
|
|a ger
|
| 044 |
|
|
|a xo
|c SK
|
| 072 |
|
7 |
|a 63
|x Poľnohospodárstvo a príbuzné oblasti vedy a techniky
|2 konspekt
|
| 080 |
|
|
|a 631
|2 2011
|
| 080 |
|
|
|a 633/635
|2 2011
|
| 080 |
|
|
|a 663.971/.973
|2 2011
|
| 100 |
1 |
|
|a Namer, Anton
|4 aut
|4 aui
|4 dto
|9 402170
|
| 245 |
1 |
0 |
|a Practischer Unterricht ủber den Anbau des peruanischen Jungferntabakes
|b oder Anweisung, wie der durch den kais. kỏn. Herrn Rittmeister von Landgraf nach Ungarn gebrachte peruanische Jungferntabak behandelt werden mủsse, dass er in seiner ursprủnglichen Reinheit erhalten werde, und durch ihn die theuren auslảndischen Tabakssorten entbehrlich gemacht werden kỏnnen
|c Fủr alle Freunde der Landwirthschaft von Anton Namer, kőniglich=stảdtischen Seidenbau=Inspector in Preßburg
|
| 246 |
3 |
4 |
|a Namers practischer Unterricht über den Anbau des peruanischen Jungferntabakes
|
| 264 |
|
1 |
|a Preßburg
|b gedruckt mit Belmayschen Schriften
|c 1815
|
| 300 |
|
|
|a XXIV, to jest 24, 87 strán, 1 nečíslovaná strana
|b 1 ilustrovaný list
|c 8°
|c 17 × 9,5 cm
|
| 336 |
|
|
|a text
|b txt
|2 rdacontent
|
| 336 |
|
|
|a statický obraz
|b sti
|2 rdacontent
|
| 337 |
|
|
|a bez média
|b n
|2 rdamedia
|
| 338 |
|
|
|a zväzok
|b nc
|2 rdacarrier
|
| 500 |
|
|
|a Linky, veľkoformátová ilustrácia nákresu na konci knihy
|
| 504 |
|
|
|a Poznámky pod čiarou
|
| 508 |
|
|
|a Predslov autora; Dedikácia: Namer, Anton; Landgraf, Samuel von
|
| 510 |
4 |
|
|a WorldCat
|c 1108591423
|
| 546 |
|
|
|a Nemčina
|b Fraktúra
|
| 561 |
|
|
|a Proveniencia: Pečiatka Dr. E. Kadarász-vernot Poz Margity Zayovej.
|5 SNK ID 92521
|
| 563 |
|
|
|a Väzba: ružová papierová lepenka s obálkou.
|5 SNK ID 92521
|
| 650 |
0 |
7 |
|a poľnohospodárstvo
|2 SNKPH
|9 679
|
| 650 |
0 |
7 |
|a tabak
|2 SNKPH
|9 4249
|
| 650 |
0 |
7 |
|a pestovanie rastlín
|2 SNKPH
|9 29223
|
| 700 |
1 |
|
|a Landgraf, Samuel von,
|d 18.-19. storočie
|4 hnr
|9 402171
|
| 700 |
1 |
|
|a Zaiová, Margita,
|d 1868-1937
|4 fmo
|9 186369
|
| 710 |
2 |
|
|a Belnayschen Schriften (Bratislava, Slovensko)
|4 prt
|9 402172
|
| 752 |
|
|
|a Slovensko
|d Bratislava
|
| 852 |
|
|
|a Slovenská národná knižnica
|b Zaiova knižnica: Zay 7422 (Z 8754)
|p ID 92521
|
| 958 |
|
|
|a DF
|
| 958 |
|
|
|a ONDV
|
| 999 |
|
|
|c 653222
|d 655152
|
| 952 |
|
|
|t Zay 7422 (Z 8754)
|a SNK
|b SNK
|c SNK_HF
|y PREZ
|7 0
|p 17A1400461
|o snkSD 92521
|i snk2024/4501
|8 5
|0 0
|1 0
|4 0
|d 2024-03-15
|l 0
|r 2026-02-23 18:28:03
|w 2026-02-23
|